|
|
|
|
| LEADER |
01055nam a2200253 a 4500 |
| 001 |
2105292 |
| 008 |
130408s1996 dcua b 100 0 eng d |
| 010 |
|
|
|a 96008789
|
| 020 |
|
|
|a 1557755361
|
| 040 |
|
|
|a DLC
|c DLC
|d DLC
|d BD-DhAAL
|
| 082 |
0 |
0 |
|a 333.7
|2 20
|
| 245 |
0 |
0 |
|a Macroeconomics and the environment :
|b proceedings of a seminar, May 1995 /
|c editor, Ved P. Gandhi.
|
| 260 |
|
|
|a Washington, D.C. :
|b International Monetary Fund,
|c c1996.
|
| 300 |
|
|
|a viii, 275 p. :
|b ill. ;
|c 23 cm.
|
| 504 |
|
|
|a Includes bibliographical references.
|
| 541 |
|
|
|e 00026809
|
| 650 |
|
0 |
|a Environmental economics
|x Congresses.
|
| 650 |
|
0 |
|a Macroeconomics
|x Congresses.
|
| 650 |
|
0 |
|a Economic policy
|x Congresses.
|
| 700 |
1 |
|
|a Gandhi, Ved P.
|q (Ved Parkash)
|
| 710 |
2 |
|
|a International Monetary Fund.
|
| 852 |
1 |
|
|a Ayesha Abed Library
|c General shelf.
|
| 999 |
|
|
|c 13274
|d 13274
|
| 952 |
|
|
|0 0
|1 0
|2 ddc
|4 0
|6 333_700000000000000_MAC
|7 0
|9 22180
|a IGS
|b IGS
|c GEN
|d 2013-04-10
|e A H Development Publishing House
|g 1800.00
|l 1
|m 1
|o 333.7 MAC
|p 3010026809
|r 2014-06-09
|s 2013-05-07
|t 1
|w 2013-04-10
|y BK
|